Pain management for the small animal practitioner
This CD focuses on pain terminology, physiology, perception and strategies for management; analgesic drug formulary and techniques; managing pain for specific conditions and procedures including trauma patient guidelines; controlling chronic pain
Bewaard in:
| Hoofdauteur: | |
|---|---|
| Formaat: | Boek |
| Taal: | Undetermined |
| Gepubliceerd in: |
Jackson, WY
Teton NewMedia
2000
|
| Onderwerpen: | |
| Tags: |
Voeg label toe
Geen labels, Wees de eerste die dit record labelt!
|
| Thư viện lưu trữ: | Trung tâm Học liệu Trường Đại học Cần Thơ |
|---|
| LEADER | 00880nam a2200217Ia 4500 | ||
|---|---|---|---|
| 001 | CTU_102613 | ||
| 008 | 210402s9999 xx 000 0 und d | ||
| 020 | |c 189.15 | ||
| 082 | |a 636.08960472 | ||
| 082 | |b T772 | ||
| 100 | |a Tranquilli, William J. | ||
| 245 | 0 | |a Pain management for the small animal practitioner | |
| 245 | 0 | |c William J. Tranquilli, Kurt A. Grimm, Leigh A. Lamont | |
| 260 | |a Jackson, WY | ||
| 260 | |b Teton NewMedia | ||
| 260 | |c 2000 | ||
| 520 | |a This CD focuses on pain terminology, physiology, perception and strategies for management; analgesic drug formulary and techniques; managing pain for specific conditions and procedures including trauma patient guidelines; controlling chronic pain | ||
| 650 | |a Pain in animals,Veterinary anesthesia | ||
| 650 | |x Treatment | ||
| 904 | |i M.Loan | ||
| 980 | |a Trung tâm Học liệu Trường Đại học Cần Thơ | ||